| 000 | 00525nam a2200169Ia 4500 | ||
|---|---|---|---|
| 005 | 20250424120222.0 | ||
| 008 | 250424s9999 xx 000 0 und d | ||
| 022 | _a20069995 | ||
| 050 | _aHC 1055.A1 .A38/ | ||
| 245 | 0 | _aAkungba journal of economic thought | |
| 260 | _aOndo state | ||
| 260 | _bAdekunle Ajasin University. Department of Economics. | ||
| 260 | _c2016 | ||
| 300 | _a89 p. :ill. ; 25 cm. | ||
| 650 | _aEconomic development--Nigeria--Periodicals. Nigeria--Economic conditions--Periodicals. | ||
| 942 | _cSR | ||
| 999 |
_c38066 _d38066 |
||